Pisňe pred Kázňu, Adwentne, Wánočne, Postne, Ňedělne, o Oltarneg Swatosti, ...
| Format: | Book |
|---|---|
| Language: | English |
| PhysicalDescription: | [ 60 ] s. |
| Published: |
Lewoča
[s.n.]
1835
|
MARC
| LEADER | 00000nam a2200000 a 4500 | ||
|---|---|---|---|
| 001 | vtls008841365 | ||
| 003 | SK-MaSNL | ||
| 005 | 20260224074304.0 | ||
| 008 | 060823 000 0 eng | ||
| 040 | |a SNK |b slo |c SNK |e AACR2 | ||
| 245 | 1 | |a Pisňe pred Kázňu, Adwentne, Wánočne, Postne, Ňedělne, o Oltarneg Swatosti, ... | |
| 260 | |a Lewoča |b [s.n.] |c 1835 | ||
| 300 | |a [ 60 ] s. | ||
| 999 | |c 911014 |d 912944 | ||
| 952 | |a SNK |b SNK |y PREZ |7 0 |p 17A0519455 |o snkSD 14479 |i snk477/58 |3 rekatalogizácia |0 0 |1 0 |4 0 |d 2006-08-23 |l 0 |r 2025-11-27 00:00:00 |w 2026-02-24 | ||


